Top-5 Scorers for Every NBA Team - Statistics

General Stats
  • This quiz has been taken 908 times
    26 since last reset
  • The average score is 97 of 150
Answer Stats
Answer % Correct
Dirk Nowitzki
100%
Larry Johnson
100%
Magic Johnson
100%
Wilt Chamberlain
100%
Chris Bosh
96%
David West
96%
Dell Curry
96%
Dwyane Wade
96%
Jerry West
96%
Kevin Garnett
96%
Kevin Johnson
96%
Kobe Bryant
96%
Larry Bird
96%
LeBron James
96%
Michael Jordan
96%
Paul Pierce
96%
Scottie Pippen
96%
Stephen Curry
96%
Chris Paul
91%
Dominique Wilkins
91%
Hakeem Olajuwon
91%
James Harden
91%
John Wall
91%
Kareem Abdul-Jabbar
91%
Kevin Durant
91%
Lew Alcindor
91%
Nikola Jokic
91%
Patrick Ewing
91%
Russell Westbrook
91%
Austin Carr
87%
Dwight Howard
87%
Jason Kidd
87%
Jermaine O'Neal
87%
John Stockton
87%
Julius Erving
87%
Marc Gasol
87%
Oscar Robertson
87%
Pau Gasol
87%
Reggie Miller
87%
Tim Duncan
87%
Tony Parker
87%
Alex English
83%
Allen Iverson
83%
Alonzo Mourning
83%
Damian Lillard
83%
David Robinson
83%
Gary Payton
83%
Gerald Wallace
83%
Giannis Antetokounmpo
83%
Isiah Thomas
83%
Jeff Malone
83%
John Havlicek
83%
Karl Malone
83%
Anthony Davis
78%
Blake Griffin
78%
Bob Pettit
78%
Brook Lopez
78%
Buck Williams
78%
Carmelo Anthony
78%
Clyde Drexler
78%
David Thompson
78%
DeMar DeRozan
78%
Glenn Robinson
78%
Kemba Walker
78%
Manu Ginobili
78%
Randy Smith
78%
Vince Carter
78%
Bob Love
74%
Elgin Baylor
74%
Kevin McHale
74%
Kyle Lowry
74%
Tracy McGrady
74%
Walter Davis
74%
Anthony Edwards
70%
Charles Barkley
70%
Devin Booker
70%
Karl-Anthony Towns
70%
LaMarcus Aldridge
70%
Mark Price
70%
Rick Barry
70%
Bradley Beal
65%
George Gervin
65%
Joe Dumars
65%
Mike Conley
65%
Robert Parish
65%
Walt Frazier
65%
Bob McAdoo
61%
Elvin Hayes
61%
Glen Rice
57%
Khris Middleton
57%
Shai Gilgeous-Alexander
57%
Shawn Marion
57%
Wes Unseld
57%
Zach Randolph
57%
De'Aaron Fox
52%
Hal Greer
52%
Sam Mitchell
52%
Zydrunas Ilgauskas
52%
Bill Laimbeer
48%
Chris Mullin
48%
CJ McCollum
48%
Willis Reed
48%
Adrian Dantley
43%
Elton Brand
43%
Jrue Holiday
43%
Lou Hudson
43%
Pascal Siakam
43%
Paul Arizin
43%
Rik Smits
43%
Rolando Blackman
43%
Sidney Moncrief
43%
Alvan Adams
39%
Bam Adebayo
39%
Bob Lanier
39%
Brad Daugherty
39%
Dan Issel
39%
Fred Brown
39%
Mark Aguirre
39%
Michael Finley
39%
Mitch Richmond
39%
Roger Brown
39%
Andrew Wiggins
35%
Brandon Ingram
35%
Calvin Murphy
35%
Dave Bing
35%
Nick Anderson
35%
Nikola Vucevic
35%
Terry Porter
35%
Derek Harper
30%
Dolph Schayes
30%
Jack Twyman
30%
Tiny Archibald
30%
Allan Houston
26%
Jameer Nelson
26%
Luol Deng
26%
Cliff Hagan
22%
Miles Bridges
22%
Richard Jefferson
22%
Rudy Tomjanovich
22%
Darrell Griffith
17%
Rudy Gay
17%
Carl Braun
13%
Jerry Sloan
13%
John Drew
9%
Billy Knight
4%
Thurl Bailey
4%
Corey Maggette
0%
No matching quizzes found
Score Distribution
Percent of People with Each Score
Percentile by Number Answered
Your Score History
You have not taken this quiz since the last reset